Plan operativo para el servicio de soporte técnico de la facultad de Ciencias y Sistemas
Presenta un plan operativo del servicio de soporte técnico que permita el buen funcionamiento de los equipos de cómputos de la Facultad de Ciencias y Sistemas.
| Main Author: | |
|---|---|
| Other Authors: | |
| Format: | Tesis Section = Libro |
| Language: | Undetermined Spanish |
| Published: |
Managua
UNI
2009
|
| Subjects: |
| LEADER | 00949nam a2200241Ia 4500 | ||
|---|---|---|---|
| 008 | 240830s9999 xx 000 0 und d | ||
| 040 | |a BIBLIOTECA-RUPAP T.Mon 004 S586 | ||
| 041 | |a spa | ||
| 082 | |a T.Mon 004 S586 | ||
| 100 | 1 | |a Silva Malespín, Francis de la Concepción | |
| 245 | 1 | 0 | |a Plan operativo para el servicio de soporte técnico de la facultad de Ciencias y Sistemas |
| 260 | |a Managua |b UNI |c 2009 | ||
| 300 | |a 44 p. :il. | ||
| 500 | |a Contiene: anexos e Incluye: CD. | ||
| 502 | |a Tesis (Ingeniero de Sistemas)- UNI, 2009. | ||
| 520 | 3 | |a Presenta un plan operativo del servicio de soporte técnico que permita el buen funcionamiento de los equipos de cómputos de la Facultad de Ciencias y Sistemas. | |
| 650 | 7 | |a COMPUTADORAS | |
| 650 | 7 | |b SOPORTE TÉCNICO - HARDWARE Y SOFTWARE | |
| 650 | 7 | |c MAQUINAS ELECTRÓNICAS DE OFICINA | |
| 700 | 1 | |a Tutor: |b Gómez Jaime, Dora Isabel | |
| 942 | |c BK |2 ddc | ||
| 991 | |a TESIS | ||
| 999 | |c 17989 | ||